00297nam a2200121Ia 4500008004100000100001800041245002900059260003800088300000900126650001500135942000800150999001700158190216s9999||||xx |||||||||||||| ||und|| aPhilip Rawson 4aThe Art Of Southest Asia b"Thames And Hudson, London"c1967 a228p aSouth Asia cREF c35272d35272